Revitalisation of industrial crop investments in Sabah

Bibliographic Details
Other Authors: Winnie Yee
Format: Book
Published: Sabah : Institute for Development Studies (SABAH) 989
Subjects:

MARC

LEADER 00000cam a2200000 7i4500
001 0000002817
002 000003048
005 20000330.0
020 |a 9679910105 
090 0 0 |a 338.17095953   |b REV 
245 1 0 |a Revitalisation of industrial crop investments in Sabah   |c edited by Ti Teow Chuan and Winnie Yee 
260 |a Sabah :   |b Institute for Development Studies (SABAH) 989 
300 |a 272p. ;   |c 25cm. 
650 0 0 |a Crops   |z Sabah 
650 0 0 |a Palnt products   |z Sabah 
700 0 |a Winnie Yee 
999 |a 036421   |b BUKU   |c MALAYSIANA   |e PERPUSTAKAAN KOMUNITI PETALING JAYA 
999 |a 037276   |b BUKU   |c MALAYSIANA   |e PERPUSTAKAAN KOMUNITI PETALING JAYA